| 000 | 00382nam a22001577a 4500 | ||
|---|---|---|---|
| 003 | CEME | ||
| 005 | 20210628210506.0 | ||
| 008 | 210208b xxu||||| |||| 00| 0 eng d | ||
| 040 | _c. | ||
| 082 | _a530.8 TAY | ||
| 100 |
_aTaylor, Edward.S _979603 |
||
| 245 | _aDimensional analysis for engineers | ||
| 260 |
_aOXFORD _bCLARENDON PRESS _c1974 |
||
| 300 | _a162P | ||
| 942 |
_cBK _2ddc |
||
| 999 |
_c584629 _d584629 |
||